Athletics world championships host countries - Statistics

General Stats
  • This quiz has been taken 180 times
  • The average score is 16 of 18
Answer Stats
Hint Answer % Correct
1993 Germany
97%
2009 Germany
97%
2021 United States
97%
1999 Spain
96%
2017 United Kingdom
96%
2003 France
95%
2015 China
94%
1991 Japan
94%
2007 Japan
94%
2013 Russia
93%
1987 Italy
92%
2001 Canada
90%
2011 South Korea
86%
1983 Finland
81%
2005 Finland
81%
1995 Sweden
81%
1997 Greece
75%
2019 Qatar
69%
No matching quizzes found
Score Distribution
Percent of People with Each Score
Percentile by Number Answered
Your Score History
You have not taken this quiz